00275nam a22001097a 4500020001800000040000900018082001600027100002500043245002400068260004900092650002400141 a9788120331907 cNUST a620.112 SIN aSingh, Arbind Kumar  aMechanics of Solids aNew Delhi;bPrentice-Hall of India, c2007. aMechanics of Solids